The American Journal of the medical sciences (Record no. 5139)
[ view plain ]
| 000 -LEADER | |
|---|---|
| campo de control de longitud fija | 01155npm a2200229 i 4500 |
| 001 - NÚMERO DE CONTROL | |
| campo de control | 5139 |
| 003 - IDENTIFICADOR DE NÚMERO DE CONTROL | |
| campo de control | ES-MaACL |
| 005 - FECHA Y HORA DE LA ÚLTIMA TRANSACCIÓN | |
| campo de control | 20230908142332.0 |
| 007 - CAMPO FIJO DE DESCRIPCIÓN FÍSICA--INFORMACIÓN GENERAL | |
| campo de control de longitud fija | hzrazu bucu |
| 008 - DATOS DE LONGITUD FIJA--INFORMACIÓN GENERAL | |
| campo de control de longitud fija | 900417r19901933xxu a 00010 eng d |
| 080 ## - NÚMERO DE LA CLASIFICACIÓN DECIMAL UNIVERSAL | |
| Número de la Clasificación Decimal Universal | 61(05)(748 Philadelphia) |
| 080 ## - NÚMERO DE LA CLASIFICACIÓN DECIMAL UNIVERSAL | |
| Número de la Clasificación Decimal Universal | 05(73) |
| 245 04 - MENCIÓN DEL TÍTULO | |
| Título | The American Journal of the medical sciences |
| Resto del título | : [Microforma]. |
| 260 ## - PUBLICACIÓN, DISTRIBUCIÓN, ETC. | |
| Lugar de publicación, distribución, etc. | Madrid : |
| Nombre del editor, distribuidor, etc. | Ateneo Cientifico, Literario y Artistico, |
| Fecha de publicación, distribución, etc. | 1990. |
| 300 ## - DESCRIPCIÓN FÍSICA | |
| Extensión | 10 carretes de microfilme : |
| Otras características físicas | negativo ; |
| Dimensiones | 16 mm. |
| 500 ## - NOTA GENERAL | |
| Nota general | Publicado originalmente: Philadelphia, Carey etc., 1933-1960, periodicidad mensual. |
| 505 8# - NOTA DE CONTENIDO CON FORMATO | |
| Nota de contenido con formato | Carrete n. 1: 1933, 1934, 1947 (oct.) -- Carrete n. 2: 1947 (nov.) a 1949 (mayo) -- Carrete n. 3: 1949 (jun.) a 1950 -- Carrete n. 4: 1951 a 1952 (1er. sem.) -- Carrete n. 5: 1952 (2o sem.) a 1953 -- Carrete n. 6: 1954 a 1955 (1er. sem.) -- Carrete n. 7: 1955 (2o sem.) a 1956 -- Carrete n. 8: 1957 a 1958 (1er. sem.) -- Carrete n. 9: 1958 (2o sem.) a 1959 (oct.) -- Carrete n. 10: 1959 (nov.) a 1960 |
| 852 ## - LOCALIZACIÓN | |
| Ubicación | ES-MaACL |
| Número de control de estantería | MC-26-35 |
| itemnumber | 5256 |
| Ubicación en estantería | Depósito 1 |
| 942 ## - ELEMENTOS DE ENTRADA SECUNDARIOS (KOHA) | |
| Fuente del sistema de clasificación o colocación | Clasificación decimal universal |
| Tipo de ítem Koha | Microforma |
| Estatus retirado | Estado de pérdida | Fuente del sistema de clasificación o colocación | Estado de daño | No para préstamo | Colección | Biblioteca de origen | Biblioteca actual | Ubicación en estantería | Fecha de adquisición | Total de préstamos | Signatura topográfica completa | Código de barras | Visto por última vez | Precio de reemplazo | Tipo de ítem Koha |
|---|---|---|---|---|---|---|---|---|---|---|---|---|---|---|---|
| Clasificación decimal universal | Periódicos y Revistas | Biblioteca del Ateneo de Madrid | Biblioteca del Ateneo de Madrid | Depósito 1 | 17/01/2008 | MC-26-35 | 1005202 | 23/02/2023 | 23/02/2023 | Microforma |
